LEADER 01294nam a2200277 a 4500 001 000000122804 003 CaOOAMICUS 005 20100830090209.0 008 100830t2008 it u000 u ita r 020 $a978-88-498-2173-4 040 $aPUL$bita$dReb 082 04$a267.1 245 00$aStoria dell'Azione Cattolica :$bla presenza nella Chiesa e nella società italiana /$ca cura di Ernesto Preziosi ; presentazione di Francesco Malgeri. 260 $aSoveria Mannelli :$bRubbettino,$c©2008. 300 $a370 p. ;$c24 cm. 504 $aBibliografia in nota. 610 24$aAzione cattolica italiana$xStoria.$0(OLS)http://pul/subject/25892 700 1 $aPreziosi, Ernesto,$d1955-$0(OLS)http://pul/name/48885 700 1 $aMalgeri, Francesco,$d1934-$0(OLS)http://pul/name/5533 850 $aPUL 852 $aPUL$W1$xSL Religione 3$y85$m267. 1 PREER 1$j141045$qDDC 21$B140125$CPULBib$Z2$F140125 $H114632 $82 941 1 $a9 996 $6020$a978-88-498-2173-4$9(OLS)http://pul/number/145228 996 $6082$a267.1$9(OLS)http://pul/classification/705 996 $6245$aStoria dell'Azione Cattolica :$bla presenza nella Chiesa e nella società italiana$9(OLS)http://pul/title/154802 996 $6260$aSoveria Mannelli :$bRubbettino$9(OLS)http://pul/publisher/51639 LEADER 01176nam a2200289 u 4500 001 000000091945 003 CaOOAMICUS 005 20070226124902.0 008 060330s1922 gw u000 u ger u 035 $a11083895 040 $aPUL(R)$bita 041 1 $ager$hgrc 100 0 $aPlato,$d427-347 a.C.$0(OLS)http://pul/name/250 240 10$aMeno$9(Plato, 427-347 a.C.).$lTedesco.$0(OLS)http://pul/title/118674 245 10$aMenon oder über die tugend /$cPlaton ; Übersetzt und erläutert von Otto Apelt. 250 $a2. durchgesehene aufl. 260 $aLeipzig :$bMeiner,$c1922. 300 $a91 p. ;$c19 cm 490 1 $aDer philosophischen Bibliotek ;$v153 700 1 $aApelt, Otto,$dn. 1845.$0(OLS)http://pul/name/59246 830 4$aDer philosophischen Bibliotek ;$v153.$0(OLS)http://pul/title/73245 850 $aPUL 852 $aPUL$W1$xDP1 Fondo Seidl$y56$m4 A 46$j115720$nBK-PRI$b $qFondi$B115720$CPULBib$Z2$F115720 $H $81 900 $aPlatone,$d427-347 a.C.$9250 941 1 $a1 996 $6245$aMenon oder über die tugend$9(OLS)http://pul/title/118675 996 $6260$aLeipzig :$bMeiner$9(OLS)http://pul/publisher/69709